|
|
|
|
| LEADER |
00000nam a2200000 a 4500 |
| 001 |
UCH2186 |
| 003 |
CL-VaPUC |
| 008 |
090604e19650000AG |||||||||||||||||spa|d |
| 082 |
0 |
4 |
|a 823
|b CRO
|2 21
|
| 100 |
0 |
|
|a Cronin, Archibald Joseph
|e author
|9 536847
|
| 245 |
1 |
3 |
|a El árbol de Judas
|
| 250 |
|
|
|a 5a. ed
|
| 300 |
|
|
|a 318 p
|
| 942 |
|
|
|c BK
|
| 945 |
|
|
|d 20090604 00:00:00
|a rbrito
|
| 260 |
|
|
|a Buenos Aires
|b Selectas
|c 1965
|
| 650 |
|
0 |
|a Novelas inglesas
|9 265220
|
| 583 |
|
|
|a last modification
|c 20090604 00:00:00
|k Rodrigo Vera
|
| 999 |
|
|
|c 333974
|d 333972
|
| 952 |
|
|
|0 0
|1 0
|4 0
|6 823_000000000000000_CRO_1965
|7 0
|8 X
|9 422670
|a FDOBUD
|b FDOBUD
|d 2019-11-22
|i 4555260
|o 823 CRO 1965
|p 4555260
|r 2019-11-22
|w 2019-11-22
|y BK_X
|k BUD
|